Database management : Theory and application /

Enregistré dans:
Détails bibliographiques
Auteur principal: Shepherd, John C (Auteur)
Format: Livre
Langue:anglais
Publié: Homewood : IRWIN, 1990
Tags: Ajouter un tag
Pas de tags, Soyez le premier à ajouter un tag!

MARC

LEADER 00000nam a22000003a 4500
001 stu26961
005 20150617225740.2
008 930204s1990----xxu-----------------eng-d
020 |a 0-256-07829-7 
040 |a STU  |b slo 
041 0 |a eng 
044 |a xxu 
080 |a 005.74 
100 1 |a Shepherd, John C  |4 aut 
245 1 |a Database management :  |b Theory and application /  |c [aut]Shepherd,John C 
260 |a Homewood :  |b IRWIN,  |c 1990 
300 |a 19,781,5,7 s 
996 |b 284V028261  |c V*41199/O-17421  |l VVT  |s A  |a 24  |w stu26961_0001